[Event "HCL-B091"]
[Site "www.playchess.de"]
[Date "2001.01.25"]
[Round "12"]
[White "DepthCharge"]
[Black "Stephen21"]
[WhiteElo "1200"]
[BlackElo "1204"]
[PlyCount "97"]
[Result "1-0"]

1.e4 d5 2.exd5 Qxd5 3.Nc3 Qe5+ 4.Be2 Nf6 5.d4 Qa5 
6.Bd2 Qb4 7.Bc1 e6 8.a3 Qd6 9.Nf3 Be7 10.Ne5 O-O 
11.Bf4 Qd8 12.Qd3 Nc6 13.Rd1 Nxe5 14.dxe5 Qxd3 
15.Rxd3 Nd5 16.Nxd5 exd5 17.Rxd5 Be6 18.Rd3 Rad8 
19.Rc3 b6 20.Rxc7 Bc5 21.Rxa7 Rd4 22.Be3 Re4 
23.Bxc5 bxc5 24.b3 Rxe5 25.f4 Re3 26.Kf2 Rc3 
27.Rc1 g6 28.b4 Bb3 29.Rc7 Rxc2 30.Rxc5 Rxc5 
31.Rxc5 Ra8 32.Rc3 Be6 33.b5 Rb8 34.a4 h6 35.a5 
Bd7 36.b6 g5 37.g3 Kg7 38.Rc7 Be6 39.Bc4 Bxc4 
40.Rxc4 f6 41.Rc7+ Kf8 42.b7 Ke8 43.Rc8+ Rxc8 
44.bxc8Q+ Kf7 45.f5 g4 46.Qd7+ Kf8 47.a6 h5 48.a7 
h4 49.a8Q+ 1-0

[Event "HCL-B091"]
[Site "www.playchess.de"]
[Date "2001.01.25"]
[Round "13"]
[White "daphatmon"]
[Black "DepthCharge"]
[WhiteElo "1588"]
[BlackElo "1200"]
[PlyCount "63"]
[Result "1-0"]

1.e4 c5 2.Bc4 e6 3.Nf3 d5 4.exd5 Nf6 5.dxe6 Bxe6 
6.Bxe6 Qe7 7.O-O fxe6 8.d3 Nc6 9.Nc3 Rd8 10.Re1 e5 
11.Bf4 exf4 12.Rxe7+ Bxe7 13.Qd2 c4 14.Re1 O-O 
15.Qxf4 cxd3 16.cxd3 Bb4 17.Qc4+ Kh8 18.a3 Ba5 
19.b4 Bb6 20.Ne4 Rde8 21.Nc5 Rxe1+ 22.Nxe1 Re8 
23.Kf1 Ne5 24.Qc3 Nc6 25.Nxb7 Ng4 26.Qxc6 Rf8 
27.Nf3 Nxf2 28.Nc5 Ng4 29.h3 Ne3+ 30.Kg1 Nc2 
31.Ng5 Ne3 32.Nf7+ 1-0

[Event "HCL-B091"]
[Site "www.playchess.de"]
[Date "2001.01.25"]
[Round "14"]
[White "DepthCharge"]
[Black "Tsjernobyl"]
[WhiteElo "1200"]
[BlackElo "1200"]
[PlyCount "65"]
[Result "1-0"]

1.e4 e6 2.d4 d6 3.Nf3 d5 4.e5 b6 5.Bd3 Bb7 6.Nc3 
Nc6 7.Ng5 Nxd4 8.Bxh7 Nf5 9.Bxf5 exf5 10.Qe2 Qd7 
11.e6 fxe6 12.Nxe6 Ne7 13.Bf4 Rc8 14.Nb5 Ba6 
15.Nexc7+ Kd8 16.Nxa6 Rh4 17.g3 Rh8 18.Nac7 Nc6 
19.Rd1 d4 20.Ne6+ Ke8 21.Nc5+ Be7 22.Nxd7 Kxd7 
23.Nxd4 Nxd4 24.Rxd4+ Kc6 25.Rc4+ Kd7 26.Qd3+ Ke6 
27.O-O Rhd8 28.Qe2+ Kf7 29.Rxc8 Rxc8 30.Re1 Bc5 
31.Qe6+ Kf8 32.Qxc8+ Kf7 33.Qe8+ 1-0

[Event "HCL-B091"]
[Site "www.playchess.de"]
[Date "2001.01.25"]
[Round "15"]
[White "Angelus"]
[Black "DepthCharge"]
[WhiteElo "1346"]
[BlackElo "1200"]
[PlyCount "100"]
[Result "0-1"]

1.d4 Nf6 2.c4 g6 3.Nc3 Bg7 4.e4 d6 5.Bd3 e5 6.d5 
b6 7.Nf3 Nbd7 8.b4 Bb7 9.O-O O-O 10.Be3 Ng4 11.Bg5 
Bf6 12.Bxf6 Ngxf6 13.Re1 a6 14.Qd2 Kg7 15.a4 c5 
16.b5 Nh5 17.g3 Bc8 18.Be2 h6 19.Nh4 Qg5 20.Qxg5 
hxg5 21.Nf5+ gxf5 22.Bxh5 Rh8 23.Bf3 Nf6 24.Rab1 
a5 25.Rb2 fxe4 26.Bxe4 Bh3 27.f3 Bd7 28.g4 Rh4 
29.Rg2 Rah8 30.Nd1 Nxg4 31.fxg4 Bxg4 32.Nf2 f5 
33.Nxg4 fxg4 34.Ree2 Rf8 35.Rg3 Rf4 36.Kg2 Kf6 
37.Ree3 Kg7 38.Bd3 Kf6 39.h3 gxh3+ 40.Rgxh3 Rfg4+ 
41.Rhg3 Rxg3+ 42.Kxg3 Rf4 43.Rf3 e4 44.Bxe4 Rxf3+ 
45.Bxf3 Kf5 46.Be2 g4 47.Bxg4+ Ke4 48.Bh3 Kd4 
49.Bf1 Kc3 50.Kf4 Kb4 0-1

[Event "HCL-B091"]
[Site "www.playchess.de"]
[Date "2001.01.25"]
[Round "17"]
[White "Stephen21"]
[Black "JayKay"]
[WhiteElo "1204"]
[BlackElo "1200"]
[PlyCount "72"]
[Result "0-1"]

1.Nf3 e5 2.Nxe5 d6 3.Nf3 Bd7 4.g3 Nf6 5.Bg2 Be7 
6.e3 O-O 7.O-O a6 8.b3 Nc6 9.Bb2 Qc8 10.Na3 g6 
11.Nc4 b5 12.Na3 Bg4 13.d4 Ne4 14.Qd3 d5 15.c4 Qf5 
16.cxd5 Nb4 17.Qd1 Nxd5 18.Qc2 Rac8 19.Ne5 Nef6 
20.Qxf5 Bxf5 21.Rac1 Bd6 22.Rfe1 Nb4 23.Nc6 Nd3 
24.Red1 Nxb2 25.Rd2 Bxa3 26.Rc3 Rce8 27.Ne5 Bb4 
28.Rxb2 Bxc3 29.Rc2 Bxc2 30.Bc6 Re6 31.Kg2 Rxc6 
32.f3 Re6 33.f4 Nd5 34.Kf3 f6 35.Nd7 Rxe3+ 36.Kg4 
Bf5+ 0-1

[Event "HCL-B091"]
[Site "www.playchess.de"]
[Date "2001.01.25"]
[Round "18"]
[White "JayKay"]
[Black "daphatmon"]
[WhiteElo "1200"]
[BlackElo "1588"]
[PlyCount "72"]
[Result "0-1"]

1.e4 e6 2.Nf3 d6 3.Nc3 Nc6 4.d4 Nf6 5.Bb5 Bd7 
6.Bg5 h6 7.Bxf6 gxf6 8.Qd2 a6 9.Bxc6 Bxc6 10.O-O 
Bd7 11.d5 Qe7 12.Ne2 O-O-O 13.Qd4 Kb8 14.Ng3 e5 
15.Qb4 h5 16.Nf5 Bxf5 17.exf5 Qd7 18.Qe4 Bh6 19.c4 
Rdg8 20.Qc2 Rg7 21.g3 Qe8 22.b3 Qg8 23.a4 Rg4 
24.Kh1 Qh7 25.h3 Rgg8 26.Rae1 Bg5 27.h4 Bh6 28.Kg1 
Qg7 29.Re2 Qg4 30.Qe4 Qh3 31.Rd1 Rg4 32.Qd3 Rhg8 
33.Re4 R4xg3+ 34.fxg3 Rxg3+ 35.Kf2 Rg2+ 36.Ke1 
Qg3+ 0-1

[Event "HCL-B091"]
[Site "www.playchess.de"]
[Date "2001.01.25"]
[Round "19"]
[White "Tsjernobyl"]
[Black "JayKay"]
[WhiteElo "1200"]
[BlackElo "1200"]
[PlyCount "102"]
[Result "0-1"]

1.e3 e5 2.d4 exd4 3.Qxd4 Nc6 4.Qe4+ Be7 5.b3 d5 
6.Qf4 Bg5 7.Qf3 Nb4 8.Qd1 Bf6 9.c3 Bf5 10.cxb4 
Bxa1 11.Na3 Nf6 12.Nf3 O-O 13.Bd3 Ne4 14.O-O Nc3 
15.Qc2 Bxd3 16.Qxd3 Nxa2 17.Bd2 Qf6 18.Nc2 Bc3 
19.Bxc3 Nxc3 20.Ncd4 Ne4 21.Nb5 c6 22.Nbd4 a6 
23.Nd2 Nxd2 24.Qxd2 Rad8 25.Qd3 Qe7 26.Qc3 g6 
27.Rd1 Qe5 28.f4 Qe4 29.Nf3 Qf5 30.Qd4 Rde8 31.Re1 
Re4 32.Qd2 Qf6 33.Ng5 Re7 34.g3 Rfe8 35.Kf2 d4 
36.e4 Qg7 37.Qd3 Rd7 38.e5 Qh6 39.h4 Ree7 40.Ne4 
Rd8 41.Ng5 Qh5 42.Ne4 Qf5 43.Kg2 Kg7 44.Qd2 Qe6 
45.Qd3 Kh8 46.Nc5 Qd5+ 47.Kf2 a5 48.Nxb7 Rxb7 
49.Rb1 Rxb4 50.g4 a4 51.bxa4 Qa2+ 0-1

[Event "HCL-B091"]
[Site "www.playchess.de"]
[Date "2001.01.25"]
[Round "20"]
[White "JayKay"]
[Black "Angelus"]
[WhiteElo "1200"]
[BlackElo "1346"]
[PlyCount "53"]
[Result "1-0"]

1.e4 d5 2.exd5 Qxd5 3.Nc3 Qa5 4.d4 Nc6 5.Bb5 Bd7 
6.Nf3 O-O-O 7.Bd2 Qb4 8.b3 Nxd4 9.Bxd7+ Rxd7 
10.Ne5 Rd6 11.Nxf7 Re6+ 12.Kf1 Qa5 13.Nxh8 Qa6+ 
14.Kg1 Re2 15.Be3 Nxc2 16.Nxe2 Nxa1 17.Nf7 b6 
18.Nc3 Nxb3 19.Qd8+ Kb7 20.Qxf8 Qa5 21.Nd8+ Ka6 
22.Qxg7 Nf6 23.g3 Qxc3 24.axb3 Qxb3 25.Qxe7 Nd5 
26.Qe8 Nf6 27.Qc6 1-0

[Event "HCL-B091"]
[Site "www.playchess.de"]
[Date "2001.01.25"]
[Round "21"]
[White "DepthCharge"]
[Black "JayKay"]
[WhiteElo "1200"]
[BlackElo "1200"]
[PlyCount "52"]
[Result "0-1"]

1.e4 e5 2.Nf3 Nc6 3.d4 exd4 4.Nxd4 Qh4 5.Qd3 Nb4 
6.Qe3 c5 7.Nf5 Nxc2+ 8.Kd2 Nxe3 9.Nxh4 Nxf1+ 
10.Rxf1 Nf6 11.f3 d5 12.Nc3 dxe4 13.Re1 Be7 
14.Nxe4 O-O 15.Nxf6+ Bxf6 16.g3 Bh3 17.Re2 Bf1 
18.Rf2 Rad8+ 19.Ke1 Bc4 20.Rd2 Rfe8+ 21.Kf2 Rxd2+ 
22.Bxd2 Re2+ 23.Kg1 Rxd2 24.Re1 Kf8 25.b3 Be6 
26.Kh1 Rxa2 0-1

[Event "HCL-A027"]
[Site "www.playchess.de"]
[Date "2001.01.26"]
[Round "5"]
[White "schachinfo_de"]
[Black "teenspirit"]
[WhiteElo "1414"]
[BlackElo "1968"]
[PlyCount "60"]
[Result "0-1"]

1.d4 Nf6 2.c4 e6 3.Nc3 b6 4.e4 Bb7 5.f3 d6 6.Bg5 
Be7 7.Nge2 Nbd7 8.Ng3 O-O 9.Bd3 Re8 10.O-O Nxe4 
11.Bxe7 Nxc3 12.Bxd8 Nxd1 13.Raxd1 Raxd8 14.b4 c5 
15.dxc5 dxc5 16.b5 Ne5 17.Be2 Kf8 18.a4 Rd4 19.f4 
Ng6 20.f5 exf5 21.Rxd4 cxd4 22.Rxf5 Re5 23.Bf3 
Bxf3 24.Rxf3 Rc5 25.a5 bxa5 26.Ra3 Rxc4 27.Rxa5 
Rc7 28.b6 axb6 29.Ra8+ Ke7 30.Nf5+ 
Kf6 0-1

[Event "HCL-A028"]
[Site "www.playchess.de"]
[Date "2001.01.26"]
[Round "19"]
[White "kron"]
[Black "cabe"]
[WhiteElo "1900"]
[BlackElo "1598"]
[PlyCount "46"]
[Result "0-1"]

1.e4 e5 2.Nc3 Nf6 3.Bc4 Bc5 4.d3 O-O 5.Nge2 d6 
6.Be3 Bxe3 7.fxe3 Be6 8.Bxe6 fxe6 9.O-O Ng4 10.Qd2 
Nc6 11.Rxf8+ Qxf8 12.Rf1 Qe7 13.h3 Nf6 14.d4 Rf8 
15.d5 Nb4 16.a3 Na6 17.b4 c5 18.b5 Nc7 19.a4 exd5 
20.Nxd5 Ncxd5 21.exd5 Ne4 22.Qe1 Rxf1+ 23.Qxf1 
Qg5 0-1

[Event "HCL-A038"]
[Site "www.playchess.de"]
[Date "2001.01.26"]
[Round "28"]
[White "Dany"]
[Black "Mr_Arnaud"]
[WhiteElo "1700"]
[BlackElo "1700"]
[PlyCount "37"]
[Result "1/2-1/2"]

1.d4 d5 2.e3 Nf6 3.c4 c6 4.Nc3 e6 5.Bd3 dxc4 
6.Bxc4 b5 7.Bd3 a6 8.Nf3 Nbd7 9.a3 c5 10.O-O Bb7 
11.b3 Rc8 12.Bb2 Bd6 13.Rc1 Qb6 14.h3 O-O 15.Re1 
Rfd8 16.Qe2 e5 17.dxe5 Nxe5 18.Nxe5 Bxe5 
19.Red1 1/2-1/2

[Event "HCL-A040"]
[Site "www.playchess.de"]
[Date "2001.01.26"]
[Round "18"]
[White "Fred"]
[Black "TECNOPANCHO"]
[WhiteElo "1762"]
[BlackElo "1617"]
[PlyCount "20"]
[Result "0-1"]

1.e4 c5 2.Nf3 d6 3.d4 cxd4 4.Nxd4 Nf6 5.Nc3 g6 
6.Be3 Bg7 7.f3 O-O 8.Qd2 Nc6 9.O-O-O Nxd4 10.Bxd4 
Be6 0-1

[Event "HCL-A040"]
[Site "www.playchess.de"]
[Date "2001.01.26"]
[Round "20"]
[White "Fred"]
[Black "Tassiac"]
[WhiteElo "1762"]
[BlackElo "1551"]
[PlyCount "26"]
[Result "0-1"]

1.e4 c6 2.d4 d5 3.Nc3 dxe4 4.Nxe4 Bf5 5.Ng3 Bg6 
6.h4 h6 7.f4 e6 8.Nf3 Nd7 9.h5 Bh7 10.Bd3 Bxd3 
11.Qxd3 Bd6 12.Ne4 Bc7 13.Bd2 Ngf6 0-1

[Event "HCL-A051"]
[Site "www.playchess.de"]
[Date "2001.01.26"]
[Round "10"]
[White "Felix"]
[Black "Eaglewingz"]
[WhiteElo "1597"]
[BlackElo "1348"]
[PlyCount "67"]
[Result "1-0"]

1.d4 d5 2.c4 c6 3.Nf3 dxc4 4.e3 Bg4 5.Bxc4 e6 
6.Nc3 Nd7 7.O-O Ngf6 8.Re1 Be7 9.h3 Bh5 10.e4 Nb6 
11.Bb3 O-O 12.Be3 Bg6 13.Bc2 Nc4 14.Bc1 c5 15.d5 
exd5 16.e5 Bxc2 17.exf6 Bxd1 18.fxe7 Bxf3 19.exd8R 
Rfxd8 20.gxf3 Rd7 21.b3 Na5 22.Bf4 Kf8 23.Rad1 d4 
24.Nb5 b6 25.Re4 f5 26.Re6 Nb7 27.Rde1 a6 28.Nc7 
Rc8 29.Nxa6 b5 30.Rb6 b4 31.Rc1 h6 32.Nxb4 d3 
33.Nxd3 Rxd3 34.Rxb7 1-0

[Event "HCL-A054"]
[Site "www.playchess.de"]
[Date "2001.01.26"]
[Round "30"]
[White "peze3"]
[Black "Flemming"]
[WhiteElo "1700"]
[BlackElo "1900"]
[PlyCount "87"]
[Result "1-0"]

1.c4 Nf6 2.Nc3 g6 3.Nf3 Bg7 4.e4 d6 5.d4 O-O 6.Be2 
e5 7.O-O Nc6 8.d5 Ne7 9.Ne1 Nd7 10.Be3 f5 11.f3 f4 
12.Bf2 g5 13.a4 Nf6 14.c5 Ng6 15.a5 Rf7 16.cxd6 
cxd6 17.Nb5 a6 18.Bb6 Qe7 19.Nc7 Rb8 20.Ba7 Qxc7 
21.Rc1 Qxa5 22.Bxb8 Bd7 23.Bxd6 Ne8 24.Bc5 Bb5 
25.b4 Qd8 26.Bxb5 axb5 27.Nd3 b6 28.Bf2 {Hi 
Flemming, es geht weiter !}  Nd6 {hmmm . it 
doesn't look much better than I remember :-)}  
29.Nb2 g4 30.Qe2 h5 31.Rc6 Rb7 32.fxg4 hxg4 
33.Qxg4 Nf8 34.Qe2 Nh7 35.Nd1 Nf6 36.Nc3 Bh8 
37.Ra1 Rg7 38.Bxb6 Qf8 39.Bc5 {Hi Flemming, die 
schwarze Stellung ist sturmreif. Gruß Peter}  
Nfxe4 {Ja ein bischen zu viel wind für der kopf! 
Ich brauche jetz etwas desparat...}  40.Nxe4 f3 
41.Qe3 Rxg2+ {Check! :-)}  42.Kh1 Qf5 43.Qh6 Ne8 
44.Ra8 1-0

[Event "HCL-A058"]
[Site "www.playchess.de"]
[Date "2001.01.26"]
[Round "5"]
[White "daphatmon"]
[Black "aldi"]
[WhiteElo "1598"]
[BlackElo "2231"]
[PlyCount "38"]
[Result "0-1"]

1.e4 e5 2.Bc4 Nf6 3.Nc3 Nc6 4.Nf3 Nxe4 5.Bxf7+ 
Kxf7 6.Nxe4 d5 7.Nc3 e4 8.Ng1 Bf5 9.d3 exd3 
10.cxd3 Nb4 11.Qf3 Nxd3+ 12.Kf1 g6 13.g4 Ne5 
14.Qf4 Nxg4 15.Qd4 Bg7 16.Qf4 Be5 17.Qd2 d4 
18.Nce2 Be4 19.f3 Ne3+ 0-1

[Event "HCL-A062"]
[Site "www.playchess.de"]
[Date "2001.01.26"]
[Round "19"]
[White "Savage"]
[Black "teenspirit"]
[WhiteElo "1484"]
[BlackElo "1766"]
[PlyCount "28"]
[Result "0-1"]

1.e4 Nc6 2.d4 d5 3.e5 Bf5 4.Nc3 e6 5.Be3 f6 6.Bb5 
a6 7.Bxc6+ bxc6 8.Nf3 Bb4 9.O-O Bxc3 10.bxc3 Ne7 
11.Qe2 O-O 12.Rab1 {Really sort of lost interest 
in this site.  Too slow.  Don't rate all games.  
Don't fix problems}  Bg4 {Too many time to improve 
it, but I can't see no change.}  13.Rb3 {I think 
I'll just stick to "itsyourturn.com" for 
tournaments after I complete my games here.}  fxe5 
{Yeah, Im there too as Penroyal}  14.Bg5 {Cool, 
I'll look forward to meeting you there.}  
e4 0-1

[Event "HCL-B054"]
[Site "www.playchess.de"]
[Date "2001.01.26"]
[Round "3"]
[White "rikkirich"]
[Black "bodhi"]
[WhiteElo "1200"]
[BlackElo "1200"]
[PlyCount "65"]
[Result "1-0"]

1.d4 Nf6 2.Nc3 d5 3.Bf4 g6 4.e3 e6 5.Be5 Bg7 6.Nf3 
Nc6 7.Bb5 O-O 8.Bxc6 bxc6 9.Na4 Nd7 10.Bxg7 Kxg7 
11.O-O Qf6 12.b3 e5 13.dxe5 Nxe5 14.Nxe5 Qxe5 
15.Qd4 Re8 16.c3 Kg8 17.Qxe5 Rxe5 18.Nc5 Rb8 
19.Rfd1 Rb5 20.b4 a5 21.a4 Rb8 22.Rdb1 axb4 
23.cxb4 Bf5 24.Rb2 Rbe8 25.Rd2 Rb8 26.Rd4 Be4 
27.Nd7 c5 28.bxc5 Rb1+ 29.Rxb1 Bxb1 30.Nxe5 c6 
31.Nxc6 Be4 32.Rxe4 dxe4 33.a5 1-0

[Event "HCL-B073"]
[Site "www.playchess.de"]
[Date "2001.01.26"]
[Round "3"]
[White "Willow"]
[Black "Steamhammer"]
[WhiteElo "1200"]
[BlackElo "1200"]
[PlyCount "61"]
[Result "1-0"]

1.e4 e6 2.d4 d5 3.e5 c5 4.Nf3 cxd4 5.Nxd4 Bc5 
6.Be3 Bxd4 7.Bxd4 Nc6 8.Bb5 Nge7 9.Nc3 O-O 10.O-O 
Nxd4 11.Qxd4 Nc6 12.Qc5 Bd7 13.Rad1 Nxe5 14.Rfe1 
b6 15.Qd6 a6 16.Bxd7 Nxd7 17.Na4 b5 18.Nc5 Nxc5 
19.Qxc5 Qc8 20.Qxc8 Raxc8 21.c3 Rfe8 22.Rd3 Rc7 
23.f3 Rec8 24.h3 h6 25.g4 g6 26.Kg2 R7c4 27.Re2 a5 
28.b3 R4xc3 29.Rd4 g5 30.Kg3 Kg7 
31.Rf2 1-0

[Event "HCL-B101"]
[Site "www.playchess.de"]
[Date "2001.01.26"]
[Round "6"]
[White "lostpawn2000"]
[Black "wiseguy"]
[WhiteElo "1704"]
[BlackElo "1964"]
[PlyCount "58"]
[Result "0-1"]

1.d4 Nf6 2.c4 c5 3.d5 b5 4.Nc3 b4 5.Nb1 g6 6.Bf4 
Qa5 7.b3 d6 8.Nf3 Bg7 9.Nbd2 Nh5 10.Bg3 Nxg3 
11.hxg3 Nd7 12.Rc1 Qxa2 13.Qc2 Qxc2 14.Rxc2 a5 
15.Ra2 Nb6 16.e3 a4 17.Bd3 Bd7 18.bxa4 Bxa4 19.O-O 
b3 20.Nxb3 Bxb3 21.Re2 Bxc4 22.Bxc4 Nxc4 23.Rc2 
Nb6 24.Rb1 Nxd5 25.Rb7 O-O 26.e4 Ra1+ 27.Kh2 Nb4 
28.Rc4 Re8 29.Rc3 Bxc3 {?}  0-1

[Event "HCL-B110"]
[Site "www.playchess.de"]
[Date "2001.01.26"]
[Round "15"]
[White "Spiridonas"]
[Black "Drugo_Izdanje"]
[WhiteElo "1627"]
[BlackElo "1675"]
[PlyCount "50"]
[Result "0-1"]

1.b3 e5 2.Bb2 Nc6 3.g3 d5 4.Bg2 Be6 5.e3 Qd7 6.h3 
Be7 7.Ne2 Bf6 8.d3 Nge7 9.Nd2 O-O-O 10.f4 exf4 
11.Bxf6 gxf6 12.gxf4 Rdg8 13.Rg1 h5 14.c4 Bxh3 
15.Bf3 Rxg1+ 16.Nxg1 Bg4 17.Qe2 Nb4 18.Nf1 Ng6 
19.O-O-O Re8 20.Qd2 Bxf3 21.Nxf3 Nc6 22.Ng3 Qg4 
23.Qg2 Rxe3 24.Rf1 Nxf4 25.Qf2 
Nxd3+ 0-1

[Event "HCL-B114"]
[Site "www.playchess.de"]
[Date "2001.01.26"]
[Round "14"]
[White "daphatmon"]
[Black "Federviech"]
[WhiteElo "1602"]
[BlackElo "964"]
[PlyCount "39"]
[Result "1-0"]

1.d4 Nc6 2.e4 e5 3.d5 Nd4 4.c3 Nb5 5.Bxb5 c6 6.Bd3 
Nf6 7.c4 Bc5 8.h3 O-O 9.Nf3 d6 10.O-O h6 11.Nc3 g5 
12.Na4 b5 13.Nxc5 dxc5 14.Nxe5 Qd6 15.Nxc6 g4 
16.e5 Qc7 17.exf6 h5 18.Qd2 Ba6 19.Ne7+ Qxe7 
20.Qg5+ 1-0

[Event "HCL-B114"]
[Site "www.playchess.de"]
[Date "2001.01.26"]
[Round "19"]
[White "Federviech"]
[Black "Slide"]
[WhiteElo "964"]
[BlackElo "1535"]
[PlyCount "36"]
[Result "0-1"]

1.e4 e5 2.Bc4 c6 3.Qf3 Nf6 4.Nh3 d5 5.Bb3 Nxe4 
6.d3 Nf6 7.O-O Bd6 8.c4 Be6 9.Nc3 Qc7 10.Bg5 Bg4 
11.Qe3 d4 12.Qd2 dxc3 13.Qxc3 Bxh3 14.gxh3 Nbd7 
15.f4 O-O 16.Rae1 exf4 17.Bxf4 Bxf4 18.Re7 
Bxh2+ 0-1

[Event "HCL-B129"]
[Site "www.playchess.de"]
[Date "2001.01.26"]
[Round "6"]
[White "Yogibear"]
[Black "Hubble"]
[WhiteElo "1825"]
[BlackElo "1623"]
[PlyCount "39"]
[Result "1-0"]

1.Nf3 Nf6 2.g3 d5 3.Bg2 e6 4.O-O Bd6 5.d4 O-O 
6.Nc3 a6 7.Bg5 Nbd7 8.e4 dxe4 9.Nxe4 Be7 10.Nxf6+ 
Bxf6 11.Bxf6 Nxf6 12.Re1 c6 13.c4 Qb6 14.Qd2 c5 
15.dxc5 Qxc5 16.Ne5 Rb8 17.b4 Qc7 18.Rad1 b6 
19.Nc6 Ra8 20.Ne7+ 1-0

[Event "HCL-C078"]
[Site "www.playchess.de"]
[Date "2001.01.26"]
[Round "8"]
[White "Claire"]
[Black "Michael_Schenk"]
[WhiteElo "1000"]
[BlackElo "867"]
[PlyCount "66"]
[Result "0-1"]

1.e4 c5 2.Nf3 Nc6 3.Bc4 e6 4.Nc3 Nge7 5.O-O d5 
6.e5 dxc4 7.d3 cxd3 8.cxd3 a6 9.Be3 Nd5 10.Nxd5 
exd5 11.Rc1 d4 12.Bg5 Be7 13.Qd2 Nxe5 14.Qf4 Nxd3 
15.Qd2 f6 16.Bf4 Nxc1 17.Qd1 Nxa2 18.Qe2 Qd5 
19.Ne5 fxe5 20.Bxe5 O-O 21.Bg3 Rf7 22.h3 b5 23.Qd3 
Bb7 24.f3 c4 25.Qe4 d3 26.Qxd5 Bxd5 27.b4 d2 
28.Rd1 Bxb4 29.Bh4 c3 30.Be1 c2 31.Ra1 dxe1Q+ 
32.Rxe1 Bxe1 33.Kf1 c1Q {%NOTE%} 
 0-1

[Event "HCL-C092"]
[Site "www.playchess.de"]
[Date "2001.01.26"]
[Round "6"]
[White "Jernau"]
[Black "cmacsweeny"]
[WhiteElo "1000"]
[BlackElo "1000"]
[PlyCount "35"]
[Result "1-0"]

1.Nf3 d5 2.d4 Bf5 3.e3 Nc6 4.c4 e6 5.cxd5 exd5 
6.Qa4 Bd7 7.Qb5 Nxd4 8.Qxd5 Nc2+ 9.Kd1 Nxa1 
10.Qe5+ Be7 11.Bb5 Nf6 12.Nc3 Bxb5+ 13.Bd2 Bd3 
14.Nd4 O-O 15.Nf5 Re8 16.Nd5 Bb4 17.Qd4 Nxd5 
18.Qxg7+ 1-0

[Event "HCL-C106"]
[Site "www.playchess.de"]
[Date "2001.01.26"]
[Round "12"]
[White "Trickster"]
[Black "uneek"]
[WhiteElo "1000"]
[BlackElo "1052"]
[PlyCount "87"]
[Result "1-0"]

1.e4 c5 2.Nc3 a6 3.d3 b5 4.Nd5 e6 5.Nf4 Nf6 6.e5 
Nd5 7.Nxd5 exd5 8.Nf3 Nc6 9.Bg5 Be7 10.Be3 d4 
11.Bd2 Qc7 12.c4 bxc4 13.dxc4 Nxe5 14.Bf4 d6 
15.Qa4+ Bd7 16.Qb3 O-O 17.Bd3 Rab8 18.Qc2 Nxd3+ 
19.Qxd3 Rxb2 20.Bg5 f6 21.Bc1 Rb7 22.Qe4 Bc6 
23.Qe6+ Kh8 24.O-O Bxf3 25.gxf3 Qc6 26.Bf4 Qd7 
27.Rfe1 Qxe6 28.Rxe6 Rd8 29.Rae1 g5 30.Bd2 Rdd7 
31.f4 g4 32.f5 Kg7 33.Bf4 Kf7 34.Kg2 h5 35.Kg3 Bf8 
36.Kh4 Rb2 37.R6e2 Rxe2 38.Rxe2 Re7 39.Rxe7+ Bxe7 
40.Kxh5 Bd8 41.Kxg4 Ba5 42.Kf3 Bc7 43.h4 Kg7 
44.Ke4 1-0

[Event "HCL-C107"]
[Site "www.playchess.de"]
[Date "2001.01.26"]
[Round "21"]
[White "Frenzy"]
[Black "locko"]
[WhiteElo "1000"]
[BlackElo "743"]
[PlyCount "20"]
[Result "0-1"]

1.d4 d5 2.Bf4 h6 3.Nc3 e6 4.Nf3 f6 5.a4 g5 6.Bg3 
f5 7.Qd3 c6 8.Be5 Rh7 9.g4 fxg4 10.Qxh7 
Qe7 0-1

[Event "HCL-C120"]
[Site "www.playchess.de"]
[Date "2001.01.26"]
[Round "5"]
[White "DrNickRiviera"]
[Black "ROB"]
[WhiteElo "1000"]
[BlackElo "1000"]
[PlyCount "43"]
[Result "1-0"]

1.Nf3 d5 2.Na3 Nc6 3.c4 Nf6 4.d4 e6 5.Qc2 Nb4 
6.Qd2 Ne4 7.Qf4 Bd6 8.Qg4 g5 9.Qh5 Be7 10.Ne5 O-O 
11.h4 f6 12.hxg5 Nxg5 13.Bxg5 Nc2+ 14.Nxc2 Bb4+ 
15.Nxb4 Qe7 16.O-O-O fxg5 17.cxd5 exd5 18.Nxd5 Qg7 
19.e3 a6 20.Bd3 h6 {I know i had lost in the 12th 
move but am just playing for fun till mate}  
21.Ne7+ Qxe7 22.Qg6+ 1-0

[Event "HCL-C129"]
[Site "www.playchess.de"]
[Date "2001.01.26"]
[Round "19"]
[White "Chill"]
[Black "Smiley"]
[WhiteElo "1000"]
[BlackElo "863"]
[PlyCount "21"]
[Result "1-0"]

1.c4 Nc6 2.d4 e6 3.e4 Bb4+ 4.Nc3 Bxc3+ 5.bxc3 Nf6 
6.Bd3 O-O 7.e5 Ne8 8.Qg4 d6 9.Bh6 g6 10.Nf3 dxe5 
11.Bxf8 1-0

[Event "HCL-C148"]
[Site "www.playchess.de"]
[Date "2001.01.26"]
[Round "21"]
[White "Allesnehmer"]
[Black "Buziness"]
[WhiteElo "1000"]
[BlackElo "1001"]
[PlyCount "41"]
[Result "1-0"]

1.e4 d5 2.exd5 Qxd5 3.Nc3 Qe5+ 4.Be2 c6 5.Nf3 Qf4 
6.d4 Qg4 7.O-O e6 8.Re1 Nd7 9.Ng5 Qf5 10.Bg4 Qg6 
{C'est chaud pour la Reine !}  11.Bh5 {was sagst 
du?}  Qf5 {Das ist nicht gut für mich !! Das ist 
alles ! (sorry for my german !?!)}  12.Nxe6 {ja, 
7. Damenzüge bei 11. Zügen is nich grad gut}  g6 
13.Ng7+ {it's ok}  Kd8 14.Re8+ Kc7 15.Nxf5 Ngf6 
16.Bf4+ Kb6 17.Na4+ Ka5 18.b4+ Kxa4 19.c4+ Kxb4 
{Predator !!}  20.Bd2+ Kxc4 21.Qb3+ 1-0

[Event "HCL-E003"]
[Site "www.playchess.de"]
[Date "2001.01.26"]
[Round "32"]
[White "Kleofas"]
[Black "Bronislaw"]
[WhiteElo "1849"]
[BlackElo "2255"]
[PlyCount "48"]
[Result "0-1"]

1.e4 c5 2.Nf3 d6 3.d4 cxd4 4.Nxd4 Nf6 5.Nc3 g6 
6.Be3 Bg7 7.f3 Nc6 8.Qd2 O-O 9.O-O-O d5 10.Nxc6 
bxc6 11.e5 Nd7 12.f4 a5 13.g4 a4 14.h4 a3 15.b3 
Qa5 16.Qd3 Nc5 17.Bxc5 Qxc5 18.Be2 Bh6 19.g5 Bf5 
20.Qd2 Bg7 21.h5 Qb4 22.Bd3 Bxd3 23.Qxd3 Qxf4+ 
24.Qd2 Bxe5 0-1

[Event "HCL-E007"]
[Site "www.playchess.de"]
[Date "2001.01.26"]
[Round "3"]
[White "marko1"]
[Black "Gearloose"]
[WhiteElo "2000"]
[BlackElo "2035"]
[PlyCount "60"]
[Result "0-1"]

1.e4 d6 2.d4 Nf6 3.Bd3 Nbd7 4.f4 e5 5.c3 c6 6.Nf3 
Qc7 7.O-O Be7 8.Kh1 h6 9.Qe1 exf4 10.Bxf4 g5 
11.Bg3 Nh5 12.Nbd2 Nxg3+ 13.Qxg3 Nb6 14.c4 Bd7 
15.a4 a5 16.b3 O-O-O 17.b4 axb4 18.a5 Na8 19.Nb3 
c5 20.e5 g4 21.Nfd2 cxd4 22.Rxf7 Be6 23.Bf5 Bxf5 
24.Rxf5 dxe5 25.c5 h5 26.Ne4 Rd5 27.Qe1 Qd7 28.Rf7 
Qe6 29.Qf1 Nc7 30.Rf2 Rdd8 0-1

[Event "HCL-E007"]
[Site "www.playchess.de"]
[Date "2001.01.26"]
[Round "25"]
[White "Bronislaw"]
[Black "seedythayer"]
[WhiteElo "2378"]
[BlackElo "2000"]
[PlyCount "55"]
[Result "1-0"]

1.e4 c6 2.c4 d5 3.exd5 cxd5 4.d4 Nf6 5.Nc3 e6 
6.Nf3 Bb4 7.cxd5 Nxd5 8.Bd2 O-O 9.Bd3 Nc6 10.O-O 
Be7 11.Rc1 Ndb4 12.Bb1 Nxd4 13.Nxd4 Qxd4 14.Nb5 
Qb6 15.Nc7 Rb8 16.Bxh7+ Kxh7 17.Qh5+ Kg8 18.Be3 
Qd6 19.Rfd1 g6 20.Qh6 Nd3 21.Rc3 Rd8 22.Bxa7 Qf4 
23.Qxf4 Nxf4 {Finally! How are you?}  24.Rxd8+ 
{Hi! I'm fine thank you. How are you?}  Bxd8 
{Fine. It's been a long wait.}  25.Rc2 Ne2+ {Hi. 
Good. Glad to be playing again!}  26.Rxe2 Bxc7 
27.Bxb8 {I wish a prosperous new year!}  Bxb8 {And 
I wish you and your a Happy New Year!}  28.Rd2 
{Thank you very much!}  1-0

[Event "HCL-E015"]
[Site "www.playchess.de"]
[Date "2001.01.26"]
[Round "12"]
[White "Goofy"]
[Black "DrTarrasch"]
[WhiteElo "2001"]
[BlackElo "2000"]
[PlyCount "36"]
[Result "1/2-1/2"]

1.d4 Nf6 2.c4 c5 3.d5 b5 4.cxb5 a6 5.b6 Qxb6 6.Nc3 
g6 7.e4 d6 8.Be2 Bg7 9.Nf3 O-O 10.Nd2 Qc7 11.O-O 
Nbd7 12.a4 a5 13.f4 Nb6 14.Nc4 Ba6 15.Nxb6 Qxb6 
16.Bxa6 Rxa6 17.Qe2 Qb7 18.f5 Rb6 1/2-1/2

[Event "HCL-M002"]
[Site "www.playchess.de"]
[Date "2001.01.26"]
[Round "18"]
[White "Bronislaw"]
[Black "chesswiz"]
[WhiteElo "2334"]
[BlackElo "2400"]
[PlyCount "23"]
[Result "1-0"]

1.e4 c5 2.Nf3 d6 3.d4 cxd4 4.Nxd4 Nf6 5.Nc3 g6 
6.f4 Nc6 7.Nf3 Bg7 8.Bc4 O-O 9.O-O Qb6+ 10.Kh1 Bg4 
11.Qd3 Na5 12.Bb5 1-0

[Event "ACL-A047"]
[Site "www.playchess.de"]
[Date "2001.01.26"]
[Round "14"]
[White "Morpheus"]
[Black "sazex"]
[WhiteElo "1500"]
[BlackElo "1765"]
[PlyCount "86"]
[Result "0-1"]

1.e4 e5 2.Nf3 Nc6 3.d4 exd4 4.Nxd4 Nf6 5.Nc3 Bb4 
6.Nxc6 Bxc3+ 7.bxc3 bxc6 8.Bd3 Qe7 9.Qe2 Nxe4 
10.Qxe4 Qxe4+ 11.Bxe4 d5 12.Bf3 Rb8 13.O-O O-O 
14.Re1 Bf5 15.Re2 h6 16.Bf4 Rfe8 17.Rxe8+ Rxe8 
18.Bxc7 Bxc2 19.h3 Re6 20.Rc1 Bd3 21.Bg4 f5 22.Bf3 
Kf7 23.a4 g5 24.g4 Be4 25.gxf5 Bxf5 26.Bg4 Bxg4 
27.hxg4 Re4 28.f3 Rxa4 29.Bb8 a5 30.Bc7 Ra2 31.c4 
a4 32.cxd5 cxd5 33.Rd1 Rc2 34.Rxd5 Rxc7 35.Rd1 a3 
36.Ra1 Rc3 37.Kf2 Kg6 38.Kg2 Rc2+ 39.Kg3 a2 40.f4 
gxf4+ 41.Kxf4 Rc4+ 42.Ke3 Ra4 43.Kf3 
Kg5 0-1